Multiple Choice City Quiz - Harpers Ferry - Statistics

General Stats
  • This quiz has been taken 13 times
  • The average score is 4 of 10
Answer Stats
Question Answer % Correct
The first person to die in the Harpers Ferry raid (1859) was a _________ Free Black
75%
What States does Harper's Ferry border Virginia and Maryland
75%
Famous raid led by this abolitionist in 1859 John Brown
63%
Name the two rivers Harper's Ferry is built at Shenandoah and Potomac
63%
What County is Harpers Ferry in Jefferson
38%
When was Harpers Ferry founded 1733
25%
2023 population of Harpers Ferry 293
25%
Fill in the black: Harpers Ferry had the largest surrender of _______ troops during the Civil War Federal
25%
Great Grand Nephew of George Washington who lived in Harpers Ferry Lewis Washington
25%
Who was the first person to settle in Harpers Ferry Peter Stephans
0%
No matching quizzes found
Score Distribution
Percent of People with Each Score
Percentile by Number Answered
Your Score History
You have not taken this quiz